Κατάλογος Βιβλιοθηκών Mediterranean College

Σπουδαί - Spoudai / Βραβείο Ακαδημίας Αθηνών - An Academy of Athens Award (Record no. 9185)

MARC details
000 -LEADER
fixed length control field 01104cam a22001814a 4500
005 - ΗΜΕΡΟΜΗΝΙΑ ΚΑΙ ΩΡΑ ΤΕΛΕΥΤΑΙΑΣ ΕΝΗΜΕΡΩΣΗΣ
Πεδίο ελέγχου 20250605164355.0
008 - FIXED-LENGTH DATA ELEMENTS--GENERAL INFORMATION
Πεδίο ελέγχου σταθερού μήκους 250528s ||||||||||||||||||||||||d
035 ## - SYSTEM CONTROL NUMBER
System control number 24295
040 ## - ΠΗΓΗ ΚΑΤΑΛΟΓΟΓΡΑΦΗΣΗΣ
Φορέας πρωτότυπης καταλογογράφησης MC Athens Campus Library
Γλώσσα καταλογογράφησης Ελληνικά, Μοντέρνα (1453-)
Modifying agency MC Athens Campus Library
Κανόνες περιγραφικής καταλογογράφησης AACR2
245 1# - ΤΙΤΛΟΣ ΚΑΙ ΔΗΛΩΣΗ ΥΠΕΥΘΥΝΟΤΗΤΑΣ
Τίτλος Σπουδαί - Spoudai / Βραβείο Ακαδημίας Αθηνών - An Academy of Athens Award
260 ## - PUBLICATION, DISTRIBUTION, ETC.
Name of publisher, distributor, etc. Επτάλοφος,
Date of publication, distribution, etc. 2005
300 ## - PHYSICAL DESCRIPTION
Extent 128
520 ## - SUMMARY, ETC.
Summary, etc. The Nobel Prizes in Economics, The Winners of the Nobel Prize in Economics, Sustainable Competitive Advantage in Turbulent Environments: An Integrative Model of the Industrial Economies and Resource-Based Theories in Strategic Management, Determining the Order of Differencing and the true Generating Model Using Information Criteria for Arima and AR Processes, Corporate Leverage Preferences: Some Evidence from Greek Firms, An Empirical Investigation on the Capital Structure Determinants of Companies Listed in the Greek Stock Exchange, E-Logistics Formation Factors.
700 1# - ΠΡΟΣΘΕΤΗ ΑΝΑΓΡΑΦΗ--ΦΥΣΙΚΟ ΠΡΟΣΩΠΟ
Personal name Αλογοσκούφης Γιώργος
9 (RLIN) 7351
942 ## - ADDED ENTRY ELEMENTS (KOHA)
Koha item type Περιοδικά Δημοσιεύματα
Holdings
Τύπος τεκμηρίου Βιβλιοθήκη Τρέχουσα τοποθεσία Barcode Ημερομηνία απόκτησης Ταξιθετικό σύμβολο Αριθμός αντιτύπου Αρίθμηση σειρών / χρονολογία Κατάσταση απόσυρσης Κατάσταση χαμένου Κατάσταση κατεστραμμένου Μη δανεισμός Σύνολο δανεισμών Ημερομηνία τελευταίας εμφάνισης Η τιμή ισχύει από
Περιοδικά Δημοσιεύματα MC Athens Campus Library MC Athens Campus Library 9780000091840 05/06/2025 ΣΠΟΥΔΑΙ 1 55           05/06/2025 05/06/2025

MC Athens Campus Library
Πατησίων 94 & Κοδριγκτώνος 13, 104 34
Πελλήνης 8 & Πατησίων 107, 112 51
Τ: +30 210 8899600

MC Thessaloniki Campus Library
Ίωνος Δραγούμη 21, 54625 | Ίωνος Δραγούμη 15, 54625
Τ: +30 2310 287779 – Τ: +30 2314 440300